Sur la reduction des equations differentielles lineaires de troisieme classe

Αποθηκεύτηκε σε:
Λεπτομέρειες βιβλιογραφικής εγγραφής
Κύριος συγγραφέας: Liveris, D. J.
Μορφή: Βιβλίο
Γλώσσα:French
Δημοσίευση: [France] : [χ.ό], [19--]
Θέματα:
Ετικέτες: Προσθήκη ετικέτας
Δεν υπάρχουν, Καταχωρήστε ετικέτα πρώτοι!

MARC

LEADER 00000cam a2200000 a 4500
001 1/108122
008 150825q19uu####fr | ||| |||| ||fre||
040 |a GR-MyUa  |b gre  |c GR-MyUa  |e AACR2 
041 0 |a fre 
082 7 |a 515.35   |2 (23) 
100 1 |a Liveris, D. J. 
245 1 3 |a Sur la reduction des equations differentielles lineaires de troisieme classe   |h [ανάτυπο] /   |c par D. J. Liveris.  
260 |a [France] :   |b [χ.ό],   |c [19--] 
300 |a [248-256 σ.] ;   |c 24 εκ.  
500 |a Στη σ. τ. υπάρχει ιδιόχειρη αφιέρωση "Στόν διαβόητο μαθηματικό κ' αξιαγάπητο φίλο κ. Π. Μάγειρα με βαθειά εκτίμηση. Υπογραφή". 
500 |a Reprinted from the Proceedings of the 4th Session of the Greek Mathematical Society - 1971. 
650 0 |a Differential equations. 
852 |a INST  |b SAMOS  |c MAG  |e 20150825  |h 515.35 LIV  |p 005300035794  |q 005300035794  |t BK  |y 0 
970 |a Σιτζίμη  |b Γιασεμή  |z 25/08/2015